Normal view
MARC view
- Shalloway, Alan
Entry Personal Name
001 - CONTROL NUMBER
- control field: 81682
003 - CONTROL NUMBER IDENTIFIER
- control field: NUST
005 - DATE AND TIME OF LATEST TRANSACTION
- control field: 20210825103444.0
008 - FIXED-LENGTH DATA ELEMENTS
- fixed length control field: 210825|| aca||aabn | a|a d
040 ## - CATALOGING SOURCE
- Original cataloging agency: NUST
- Transcribing agency: NUST
100 ## - HEADING--PERSONAL NAME
- Personal name: Shalloway, Alan
670 ## - SOURCE DATA FOUND
- Source citation: Work cat.: (NUST)33818: Shalloway, Alan, Design Patterns Explained /, 2013.
